000 00458nam a22001817a 4500
003 koha_MIRAKIL
005 20231213095435.0
008 231213b |||||||| |||| 00| 0 ||| d
020 _b9-75494670-1
040 _aTR-IsEVY
_btur
_cTR-IsEVY
082 _a810 DUR/G
100 _aDURSUN K., TARIK.
245 0 _aGÖL HAFİF ÇALKANTILI OLACAK.
260 _bBİLGİ KİTAPEVİ,
_c1997
300 _a236.
650 _aTürk Edebiyatı.
942 _2ddc
_cBK
999 _c3662
_d3662